Statistics for Name that Country

Click here to take the quiz!

General Stats

  • This quiz has been taken 2,914 times
  • The average score is 16 of 19

Answer Stats

Hint Answer % Correct
Eiffel Tower, RenaultFrance
100%
Emprire State Building, Grand CanyonUSA
99%
Ferrari, ColosseumItaly
98%
Amazon Rainforest, 2014 World CupBrazil
96%
Pyramids, Sahara DesertEgypt
93%
Nintendo, ToyotaJapan
92%
Buckingham Palace, Tower BridgeUnited Kingdom
92%
Olympics, Aegean SeaGreece
89%
Hyundai, SamsungSouth Korea
87%
Audi, Brandenburg GateGermany
86%
Uluru, Great Barrier ReefAustralia
84%
Arctic, CN TowerCanada
84%
Taj Mahal, Ganges RiverIndia
83%
Kremlin, Ob RiverRussia
83%
Forbidden City, HimalayasChina
82%
Sombrero, Chichen ItzaMexico
75%
Bulls, Sagrada FamiliaSpain
72%
Burj Khalifa, Arabian DesertUAE
63%
Andes Mountains, Iguazu FallsArgentina
61%

Score Distribution

Percentile by Number Answered

Percent of People with Each Score

Your Score History

You have not taken this quiz